Faktory ovplyvňujúce mieru daňového zaťaženia daňou z príjmu fyzických osôb
Spravodlivosť zdanenia a snaha vniesť do daňového systému prvky sociálneho charakteru. Progresivita zdanenia ako príčina nerovnakej rozhodovacej situácie pre nízko príjmových a vysoko príjmových daňovníkov. Stanovenie sadzby dane - spôsob zohľadňovania sociálnych aspektov zdaňovania s priamym dopad...
Salvato in:
| Autore principale: | |
|---|---|
| Altri autori: | |
| Natura: | Capitolo di libro |
| Lingua: | slovacco |
| Soggetti: | |
| Tags: |
Nessun Tag, puoi essere il primo ad aggiungerne!!
|
MARC
| LEADER | 00000naa$a2200000$$$4500 | ||
|---|---|---|---|
| 001 | 0099218 | ||
| 005 | 20240502072107.3 | ||
| 041 | 0 | |a slo | |
| 044 | |a SK | ||
| 245 | 1 | 0 | |a Faktory ovplyvňujúce mieru daňového zaťaženia daňou z príjmu fyzických osôb |c Alena Zubaľová, Adriana Vassová |
| 520 | |a Spravodlivosť zdanenia a snaha vniesť do daňového systému prvky sociálneho charakteru. Progresivita zdanenia ako príčina nerovnakej rozhodovacej situácie pre nízko príjmových a vysoko príjmových daňovníkov. Stanovenie sadzby dane - spôsob zohľadňovania sociálnych aspektov zdaňovania s priamym dopadom na občanov. Znižovanie daňovej zaťaženosti zvyšovaním nezdaniteľnej časti základu dane. Daňový bónus na vyživované deti. Uplatňovanie daňových paušálov. | ||
| 610 | 2 | 0 | |a dane z príjmov |
| 610 | 2 | 0 | |a zaťaženie daňové |
| 610 | 2 | 0 | |a zdaňovanie |
| 610 | 2 | 0 | |a osoby fyzické |
| 610 | 2 | 0 | |a daňovníci |
| 610 | 2 | 0 | |a sadzby daňové |
| 610 | 2 | 0 | |a základ dane |
| 100 | 1 | |a Zubaľová, Alena, 1959- | |
| 700 | 1 | |a Vassová, Adriana | |